Planning law handbook

Bibliographic Details
Main Author: Grant, Malcolm (Author)
Format: Book
Language:English
Published: London : Sweet & Maxwell 1981
Subjects:

MARC

LEADER 00000cam a2200000 7i4500
001 0000001608
005 20240924.0
008 991126 enk eng
020 |a 0421285702 
040 |a INS   |b eng   |e rda 
090 0 0 |a KD1125   |b .G761 1981 
100 1 |a Grant, Malcolm ,   |e author 
245 1 0 |a Planning law handbook   |c by Malcolm Grant 
264 1 |a London :   |b Sweet & Maxwell   |c 1981 
264 4 |c ©1981 
300 |a xxx, 488 pages ;   |c 25 cm. 
336 |a text  |2 rdacontent 
337 |a unmediated  |2 rdamedia 
338 |a volume  |2 rdacarrier 
650 0 |a City planning and redevelopment law   |z England   |x Handbook, manuals, etc. 
999 |a 0000001230   |b BOOK   |c Open Shelf   |e Default branch